| 000 | 00899nam a22002057a 4500 | ||
|---|---|---|---|
| 003 | JO-AjAnu | ||
| 005 | 20250309094031.0 | ||
| 008 | 250304b jo ||||| |||| 00| 0 ara d | ||
| 040 |
_aJO-AjAnu _bara _cJO-AjAnu _dJO-AjAnu _erda |
||
| 041 |
_aara _hara |
||
| 050 |
_a.KMM272 _bU82 2019 |
||
| 100 | 1 |
_aالعتيبي، جهاد صالح _959625 _eمؤلف |
|
| 245 | 0 |
_aموسوعة القضاء الإداري : القواعد القضائية في اختصاصات المحكمة الإدارية وفق قانون القضاء الأردني، الجزء الثاني، القسم الثاني : (دراسة مقارنة) / _c جهاد صالح العتيبي |
|
| 250 | _aالطبعة الأولى | ||
| 260 |
_aعمان : _bد.ن، _c2019 |
||
| 300 | _a471 صفحة | ||
| 504 | _aيحتوي على فهرس | ||
| 650 | 0 |
_aالقضاء الإداري -- الأردن _925721 |
|
| 942 |
_2lcc _cBK _n0 |
||
| 999 |
_c33865 _d33865 |
||